000
00246nam a2200109Ia 4500
008
190216s9999||||xx |||||||||||||| ||und||
100
_a
Vivekanandan G
245
0
_a
Mattoli
260
_b
Current Books
650
_a
Malayalam Nadakam
942
_c
BK
999
_c
24283
_d
24283